[Event "Skakthing Reykjavikur"]
[Site "Reykjavik"]
[Date "2017.02.03"]
[Round "9"]
[White "Kjartansson, Gudmundur"]
[Black "Jonasson, Benedikt"]
[Result "1-0"]
[WhiteElo "2468"]
[BlackElo "2208"]
[PlyCount "121"]
[EventDate "2017.01.08"]
[EventType "swiss"]
[EventRounds "9"]
[EventCountry "ISL"]

1. d4 Nf6 2. c4 g6 3. Nc3 Bg7 4. e4 d6 5. Nf3 c5 6. Be2 cxd4 7. Nxd4 O-O 8. O-O
Nc6 9. Be3 Bd7 10. f3 Nxd4 11. Bxd4 a5 12. c5 dxc5 13. Bxc5 Rc8 14. Be3 Bc6 15.
Qb3 Nd7 16. Rac1 e6 17. Rfd1 Qe7 18. Nb5 Rfd8 19. Na7 Rb8 20. Rxc6 bxc6 21.
Nxc6 Qf8 22. Qd3 Ne5 23. Qxd8 Nxc6 24. Qxf8+ Bxf8 25. Rc1 Rxb2 26. Bf1 Ne7 27.
a4 Rb3 28. Bd2 Ra3 29. Bb5 f5 30. Bxa5 fxe4 31. fxe4 Re3 32. Rc4 Rb3 33. Bd2 g5
34. Rc1 Ra3 35. Bd7 Ng6 36. Bxe6+ Kg7 37. Bxg5 Bd6 38. Bd7 Ne5 39. Bb5 Kg6 40.
Bd2 Kf7 41. h3 Ke6 42. Kf1 h5 43. a5 Ra2 44. Ke1 Ke7 45. a6 Ba3 46. Rc7+ Kd6
47. Rh7 Kc5 48. Rxh5 Bb2 49. Bf4 Kd6 50. Kf1 Bd4 51. Bxe5+ Bxe5 52. h4 Ra1+ 53.
Ke2 Ra5 54. Bc4 Ra4 55. Kd3 Ra3+ 56. Kd2 Rg3 57. a7 Rxg2+ 58. Kd1 Rg1+ 59. Ke2
Ra1 60. Rh6+ Kc7 61. Ra6 1-0

[Event "Skakthing Reykjavikur"]
[Site "Reykjavik"]
[Date "2017.02.03"]
[Round "9"]
[White "Thorfinnsson, Bjorn"]
[Black "Ragnarsson, Dagur"]
[Result "1-0"]
[WhiteElo "2404"]
[BlackElo "2276"]
[PlyCount "95"]
[EventDate "2017.01.08"]
[EventType "swiss"]
[EventRounds "9"]
[EventCountry "ISL"]

1. d4 e6 2. Bf4 Nf6 3. e3 c5 4. c3 d5 5. Nd2 Nc6 6. Ngf3 Bd6 7. Bg3 O-O 8. Bb5
Qe7 9. Bxc6 bxc6 10. Qa4 Bxg3 11. hxg3 cxd4 12. cxd4 Bd7 13. Rc1 Rab8 14. Nb3
Ne4 15. Ne5 Be8 16. Nd3 c5 17. Qa3 Qg5 18. Nbxc5 Nxg3 19. fxg3 Qxe3+ 20. Kf1
Bb5 21. Qc3 e5 22. Re1 Qxg3 23. Rxe5 Rb6 24. Rh3 Qg4 25. Kg1 Rg6 26. Ne1 Qd1
27. a4 Bc6 28. b3 h6 29. Kh2 Rc8 30. Rg3 Rf6 31. Rf3 Rg6 32. Qd3 Qa1 33. Qe3
Rg4 34. Rf4 Qd1 35. Nf3 Rg6 36. Re7 Rf8 37. Ne5 Rg5 38. Nxc6 Rh5+ 39. Kg3 Qh1
40. Kf2 g5 41. Rexf7 gxf4 42. Rxf8+ Kxf8 43. Qe7+ Kg8 44. Qf7+ Kh8 45. Qf6+ Kh7
46. Ne6 Rg5 47. Nxg5+ hxg5 48. Qf5+ 1-0

[Event "Skakthing Reykjavikur"]
[Site "Reykjavik"]
[Date "2017.02.03"]
[Round "9"]
[White "Ptacnikova, Lenka"]
[Black "Gislason, Gudmundur"]
[Result "0-1"]
[WhiteElo "2210"]
[BlackElo "2332"]
[PlyCount "52"]
[EventDate "2017.01.08"]
[EventType "swiss"]
[EventRounds "9"]
[EventCountry "ISL"]

1. Nf3 c5 2. c4 g6 3. d4 Bg7 4. e4 Nc6 5. d5 Nd4 6. Nxd4 cxd4 7. Bd3 d6 8. Bc2
Bd7 9. O-O Rc8 10. Na3 a6 11. Rb1 e6 12. f4 Ne7 13. dxe6 fxe6 14. f5 exf5 15.
exf5 Nxf5 16. Bxf5 Bxf5 17. Rxf5 gxf5 18. Qh5+ Kd7 19. Qxf5+ Kc7 20. c5 Rf8 21.
cxd6+ Kb8 22. Qg5 d3 23. Qg3 Bd4+ 24. Be3 Bxe3+ 25. Qxe3 Qxd6 26. h3 Rfe8 0-1

[Event "Skakthing Reykjavikur"]
[Site "Reykjavik"]
[Date "2017.02.03"]
[Round "9"]
[White "Thorsteinsson, Hilmar"]
[Black "Omarsson, Dadi"]
[Result "0-1"]
[WhiteElo "1840"]
[BlackElo "2197"]
[PlyCount "44"]
[EventDate "2017.01.08"]
[EventType "swiss"]
[EventRounds "9"]
[EventCountry "ISL"]

1. c4 Nf6 2. Nc3 c5 3. g3 e6 4. e4 b6 5. Bg2 Bb7 6. d3 d6 7. Nge2 a6 8. O-O Nc6
9. f4 Be7 10. h3 O-O 11. f5 Nd7 12. fxe6 fxe6 13. Rxf8+ Qxf8 14. Nf4 Nd4 15.
Be3 Bf6 16. Nce2 Qe7 17. e5 Nxe2+ 18. Qxe2 Nxe5 19. Bxb7 Qxb7 20. Nxe6 Re8 21.
Nf4 Nf3+ 22. Kf2 Rxe3 0-1

[Event "Skakthing Reykjavikur"]
[Site "Reykjavik"]
[Date "2017.02.03"]
[Round "9"]
[White "Johannsson, Orn Leo"]
[Black "Fivelstad, Jon Olav"]
[Result "1-0"]
[WhiteElo "2212"]
[BlackElo "1920"]
[PlyCount "71"]
[EventDate "2017.01.08"]
[EventType "swiss"]
[EventRounds "9"]
[EventCountry "ISL"]

1. e4 d6 2. d3 g6 3. h4 h5 4. Be2 Bg7 5. Nf3 c5 6. c3 Nf6 7. Ng5 Nc6 8. Nd2 O-O
9. Nf1 Ne5 10. Ng3 Bg4 11. f3 Bd7 12. Be3 Qa5 13. O-O b5 14. a3 Qc7 15. d4 Nc4
16. Bxc4 bxc4 17. Qe2 Rab8 18. Rfd1 Ba4 19. Rd2 Bb3 20. Bf2 cxd4 21. Bxd4 Nd7
22. Bxg7 Kxg7 23. Re1 Ne5 24. f4 Nd3 25. Rf1 Kh6 26. f5 d5 27. Qe3 Kg7 28. fxg6
Qb6 29. Qxb6 Rxb6 30. Rxf7+ Rxf7 31. gxf7 dxe4 32. Nxh5+ Kf8 33. Nf4 Ba4 34.
Nfe6+ Rxe6 35. Nxe6+ Kxf7 36. Ng5+ 1-0

[Event "Skakthing Reykjavikur"]
[Site "Reykjavik"]
[Date "2017.02.03"]
[Round "9"]
[White "Olafsson, Thorvardur"]
[Black "Ingvason, Johann"]
[Result "0-1"]
[WhiteElo "2188"]
[BlackElo "2124"]
[PlyCount "90"]
[EventDate "2017.01.08"]
[EventType "swiss"]
[EventRounds "9"]
[EventCountry "ISL"]

1. e4 c6 2. d4 d5 3. Nc3 dxe4 4. Nxe4 Bf5 5. Ng3 Bg6 6. h4 h6 7. Nf3 Nd7 8. h5
Bh7 9. Bd3 Bxd3 10. Qxd3 e6 11. Bd2 Ngf6 12. O-O-O a5 13. Ne4 Nxe4 14. Qxe4 Nf6
15. Qe2 Qd5 16. Kb1 Qe4 17. Be3 Bd6 18. Rh4 Qf5 19. d5 exd5 20. g4 Qe6 21. Nd4
Qe5 22. f4 Qe4 23. Nf5 O-O-O 24. Rd4 Qe6 25. Nxg7 Qd7 26. Nf5 Bc5 27. Rd3 Rde8
28. Qd1 Ne4 29. Bxc5 Nxc5 30. Ra3 a4 31. Rhh3 Re4 32. Rhf3 Qe6 33. Rae3 Rd8 34.
Qd2 d4 35. Rxe4 Qxe4 36. Rf1 d3 37. cxd3 Rxd3 38. Qc2 Kc7 39. Nxh6 a3 40. Nxf7
Qd5 41. Rc1 Rd2 42. Qc4 Rxb2+ 43. Ka1 Qd2 44. Qc3 Rxa2+ 45. Kb1 Qb2+ 0-1

[Event "Skakthing Reykjavikur"]
[Site "Reykjavik"]
[Date "2017.02.03"]
[Round "9"]
[White "Eliasson, Kristjan Orn"]
[Black "Viglundsson, Bjorgvin"]
[Result "0-1"]
[WhiteElo "1900"]
[BlackElo "2185"]
[PlyCount "112"]
[EventDate "2017.01.08"]
[EventType "swiss"]
[EventRounds "9"]
[EventCountry "ISL"]

1. e4 e6 2. d4 d5 3. e5 c5 4. c3 Nc6 5. Be3 Nge7 6. Nf3 Nf5 7. Qd2 Nxe3 8. fxe3
Be7 9. Be2 O-O 10. O-O Bd7 11. Bd3 f5 12. Qe1 Qb6 13. Qd2 Rac8 14. g3 Na5 15.
Rf2 cxd4 16. exd4 Bb5 17. Ne1 Bxd3 18. Nxd3 Qa6 19. Nc1 b5 20. Qe2 Qc6 21. a3
Nc4 22. Nd3 a5 23. Nd2 Bg5 24. Nxc4 bxc4 25. Ne1 Qe8 26. Ng2 Rb8 27. Raf1 g6
28. g4 Qe7 29. gxf5 Rxf5 30. Rxf5 gxf5 31. Kh1 Kh8 32. Rg1 Qf7 33. h3 Rg8 34.
Rf1 Qg6 35. Qf2 Qh5 36. Kh2 Rg6 37. Nf4 Bxf4+ 38. Qxf4 Qe2+ 39. Rf2 Qd3 40. Qh4
h6 41. Qf4 Qb1 42. Rg2 Rxg2+ 43. Kxg2 Qe4+ 44. Kg3 Qxf4+ 45. Kxf4 Kg7 46. Kg3
Kg6 47. Kf4 Kh5 48. Kg3 a4 49. h4 f4+ 50. Kxf4 Kxh4 51. Kf3 Kg5 52. Kg3 h5 53.
Kf3 h4 54. Ke3 Kg4 55. Kf2 h3 56. Kg1 Kg3 0-1

[Event "Skakthing Reykjavikur"]
[Site "Reykjavik"]
[Date "2017.02.03"]
[Round "9"]
[White "Fridjonsson, Julius"]
[Black "Mai, Aron Thor"]
[Result "1-0"]
[WhiteElo "2145"]
[BlackElo "1965"]
[PlyCount "81"]
[EventDate "2017.01.08"]
[EventType "swiss"]
[EventRounds "9"]
[EventCountry "ISL"]

1. c4 e5 2. Nc3 Nc6 3. g3 f5 4. Bg2 Nf6 5. Nf3 e4 6. Ng5 h6 7. Nh3 g5 8. d3
exd3 9. Qxd3 d6 10. f4 g4 11. Nf2 Bg7 12. Nd5 O-O 13. Bd2 Nd7 14. Bc3 Nc5 15.
Qd2 Bxc3 16. Qxc3 a5 17. h3 Kh7 18. O-O-O Nb4 19. Kb1 Nxd5 20. cxd5 gxh3 21.
Rxh3 Qf6 22. Qc2 Kg7 23. Rdh1 Rh8 24. Rh4 Bd7 25. g4 Rae8 26. gxf5 Bxf5 27. e4
Bd7 28. Bf3 Kf7 29. Bh5+ Ke7 30. Bxe8 Kxe8 31. Qc3 Qf8 32. Qxa5 Na6 33. Qc3 Kd8
34. f5 Kc8 35. Qh3 b6 36. Rxh6 Rg8 37. Rh8 Kb7 38. Qh7 Rxh8 39. Qxh8 Qe7 40. f6
Qe5 41. f7 1-0

[Event "Skakthing Reykjavikur"]
[Site "Reykjavik"]
[Date "2017.02.03"]
[Round "9"]
[White "Arnarsson, Hrannar"]
[Black "Antonsson, Atli"]
[Result "1-0"]
[WhiteElo "2066"]
[BlackElo "1857"]
[PlyCount "59"]
[EventDate "2017.01.08"]
[EventType "swiss"]
[EventRounds "9"]
[EventCountry "ISL"]

1. e4 e6 2. d3 d5 3. Nd2 c5 4. g3 Bd6 5. Ngf3 Nc6 6. Bg2 Nge7 7. O-O O-O 8. Qe2
f6 9. Re1 Ng6 10. h4 Qc7 11. h5 Nge7 12. c3 b5 13. Nh4 f5 14. exd5 Nxd5 15. f4
Bd7 16. Bxd5 exd5 17. Qg2 d4 18. Qd5+ Kh8 19. Ng6+ hxg6 20. hxg6 Bxf4 21. gxf4
Qxf4 22. Re2 Qg3+ 23. Rg2 Qe3+ 24. Kf1 Be6 25. Qxc6 Rac8 26. Rh2+ Kg8 27. Qf3
Rfe8 28. Re2 Qh6 29. Nc4 Qxg6 30. Nd6 1-0

[Event "Skakthing Reykjavikur"]
[Site "Reykjavik"]
[Date "2017.02.03"]
[Round "9"]
[White "Briem, Hedinn"]
[Black "Briem, Stephan"]
[Result "1/2-1/2"]
[WhiteElo "1576"]
[BlackElo "1803"]
[PlyCount "46"]
[EventDate "2017.01.08"]
[EventType "swiss"]
[EventRounds "9"]
[EventCountry "ISL"]

1. d4 Nf6 2. Bg5 e6 3. Nf3 Be7 4. e3 b6 5. Bd3 Bb7 6. Nbd2 O-O 7. c3 d5 8. O-O
Ne4 9. Bxe7 Qxe7 10. Qc2 f5 11. Ne5 Nd7 12. Nxd7 Qxd7 13. f3 Nxd2 14. Qxd2 c5
15. Rae1 Rae8 16. f4 c4 17. Bc2 Bc6 18. Qe2 Rf6 19. g4 Qe7 20. g5 Rf7 21. h4 g6
22. Rf2 h5 23. Rff1 b5 1/2-1/2

[Event "Skakthing Reykjavikur"]
[Site "Reykjavik"]
[Date "2017.02.03"]
[Round "9"]
[White "Kristjansson, Halldor"]
[Black "Mai, Alexander Oliver"]
[Result "0-1"]
[WhiteElo "1560"]
[BlackElo "1837"]
[PlyCount "90"]
[EventDate "2017.01.08"]
[EventType "swiss"]
[EventRounds "9"]
[EventCountry "ISL"]

1. e4 c5 2. Nf3 d6 3. d4 cxd4 4. Nxd4 Nf6 5. Nc3 a6 6. Be2 e5 7. Nb3 Be7 8. a4
O-O 9. O-O Be6 10. Bg5 Nbd7 11. Qd3 h6 12. Bh4 Rc8 13. Bxf6 Nxf6 14. Nd5 Nxd5
15. exd5 Bd7 16. c4 f5 17. Kh1 Bf6 18. Nd2 e4 19. Qb3 Qa5 20. Rfd1 Rc7 21. Qa3
Qb6 22. Rab1 Be5 23. Rf1 Qa5 24. Rfd1 Qxa4 25. Qxa4 Bxa4 26. b3 Be8 27. Nf1 f4
28. Bg4 Bg6 29. Be6+ Kh7 30. Rbc1 Bb2 31. Rc2 Ba3 32. Rc3 Bc5 33. Kg1 Bh5 34.
Rdc1 Ba3 35. R1c2 Bb4 36. Rh3 Bg6 37. Re2 b5 38. Ra2 bxc4 39. bxc4 a5 40. Nd2
Bxd2 41. Rxd2 Rxc4 42. g4 Rc1+ 43. Kg2 f3+ 44. Kg3 Rg1+ 45. Kh4 e3 0-1

[Event "Skakthing Reykjavikur"]
[Site "Reykjavik"]
[Date "2017.02.03"]
[Round "9"]
[White "Sveinsson, Gudmundur Peng"]
[Black "Gudmarsson, Olafur"]
[Result "0-1"]
[WhiteElo "1267"]
[BlackElo "1739"]
[PlyCount "110"]
[EventDate "2017.01.08"]
[EventType "swiss"]
[EventRounds "9"]
[EventCountry "ISL"]

1. e4 c5 2. Nf3 Nc6 3. d4 cxd4 4. Nxd4 e6 5. Nc3 a6 6. f3 Bc5 7. Nb3 Ba7 8. Bf4
e5 9. Bg3 Nge7 10. Qd2 Qb6 11. Bf2 Qxf2+ 12. Qxf2 Bxf2+ 13. Kxf2 O-O 14. Na4 b5
15. Nb6 Rb8 16. Nxc8 Rfxc8 17. Nc5 Nb4 18. Nxd7 Rxc2+ 19. Kg3 Rd8 20. Nxe5 Rxb2
21. a4 Nc2 22. Rc1 Ne3 23. Rc3 Nxf1+ 24. Rxf1 f6 25. Nc6 Nxc6 26. Rxc6 Rdd2 27.
Rg1 Rd4 28. Rxa6 bxa4 29. Ra1 Rdd2 30. Rg1 Ra2 31. Ra7 Re2 32. Rd1 Rxg2+ 33.
Kf4 h6 34. Rd8+ Kh7 35. Rdd7 Ra3 36. Rf7 Rg6 37. Rfd7 Ra2 38. h3 h5 39. Rd8 a3
40. Raa8 Rgg2 41. Kf5 Rg5+ 42. Ke6 Kg6 43. f4 Rb5 44. h4 Rb6+ 45. Ke7 f5 46. e5
Rb4 47. Rh8 Rb7+ 48. Kf8 Rab2 49. Rd8 R2b6 50. Ra8 Rb8+ 51. Ke7 Rxh8 52. Rxa3
Rc8 53. Rg3+ Kh6 54. e6 Rc7+ 55. Kd8 Ra7 0-1

[Event "Skakthing Reykjavikur"]
[Site "Reykjavik"]
[Date "2017.02.03"]
[Round "9"]
[White "Ragnarsson, Heimir Pall"]
[Black "Jonasson, Hordur"]
[Result "1-0"]
[WhiteElo "1695"]
[BlackElo "1528"]
[PlyCount "77"]
[EventDate "2017.01.08"]
[EventType "swiss"]
[EventRounds "9"]
[EventCountry "ISL"]

1. c4 c5 2. g3 g6 3. Bg2 Bg7 4. Nc3 Nc6 5. Nf3 e6 6. e4 Nge7 7. O-O d6 8. d3
O-O 9. a3 a6 10. Bd2 Rb8 11. Qa4 Bd7 12. Rab1 Nd4 13. Qd1 b5 14. Nxd4 Bxd4 15.
Ne2 Bg7 16. b3 Nc6 17. f4 Nd4 18. Nxd4 Bxd4+ 19. Kh1 bxc4 20. dxc4 Bc6 21. Qe2
Bg7 22. Rfd1 Qc7 23. h4 h5 24. Qd3 f5 25. exf5 Bxg2+ 26. Kxg2 Qc6+ 27. Kh2 exf5
28. Be3 Rfe8 29. Bf2 Re6 30. b4 cxb4 31. axb4 Qe4 32. Qxe4 Rxe4 33. Rxd6 Rxc4
34. Rxa6 Kh7 35. b5 Rc2 36. Kg1 Rc7 37. b6 Rc6 38. Ra7 Kh6 39. Rd1 1-0

[Event "Skakthing Reykjavikur"]
[Site "Reykjavik"]
[Date "2017.02.03"]
[Round "9"]
[White "Petursson, Armann"]
[Black "Hannesson, Sigurdur Orn"]
[Result "0-1"]
[WhiteElo "1256"]
[BlackElo "1632"]
[PlyCount "62"]
[EventDate "2017.01.08"]
[EventType "swiss"]
[EventRounds "9"]
[EventCountry "ISL"]

1. c4 Nf6 2. g3 g6 3. Bg2 Bg7 4. Nc3 c6 5. d3 O-O 6. Bf4 d6 7. Qd2 e5 8. Bh6
Nbd7 9. Bxg7 Kxg7 10. b4 Re8 11. e3 Nf8 12. e4 Ne6 13. Nge2 a6 14. O-O b5 15.
Kh1 bxc4 16. dxc4 Bb7 17. a3 Qc7 18. f4 Rad8 19. f5 Nf8 20. fxg6 hxg6 21. g4
Ne6 22. g5 Nh5 23. Rf3 Nhf4 24. Raf1 Nxg5 25. Nxf4 Nxf3 26. Rxf3 exf4 27. Qxf4
Qe7 28. Rh3 Rh8 29. Rxh8 Rxh8 30. a4 d5 31. exd5 Qe1+ 0-1

[Event "Skakthing Reykjavikur"]
[Site "Reykjavik"]
[Date "2017.02.03"]
[Round "9"]
[White "Thorisson, Benedikt"]
[Black "Heidarsson, Arnar"]
[Result "1/2-1/2"]
[WhiteElo "1061"]
[BlackElo "1376"]
[PlyCount "102"]
[EventDate "2017.01.08"]
[EventType "swiss"]
[EventRounds "9"]
[EventCountry "ISL"]

1. e4 c5 2. Nf3 e6 3. d4 cxd4 4. Nxd4 Nf6 5. Nc3 Bb4 6. Bd2 Bxc3 7. Bxc3 Nxe4
8. Bb4 Qb6 9. Ba3 e5 10. c3 exd4 11. Qe2 Qe6 12. O-O-O Ng5 13. Qd2 Ne4 14. Qxd4
Nc6 15. Qxg7 Qf6 16. Qg4 Nxf2 17. Re1+ Kd8 18. Qe2 Nxh1 19. g3 Qe6 20. Qd2 Qf6
21. Bg2 Nxg3 22. hxg3 h5 23. Bxc6 Qh6 24. Qxh6 Rxh6 25. Bd5 Kc7 26. Bxf7 a5 27.
Rh1 Rh7 28. Bxh5 Ra6 29. g4 Rah6 30. Re1 d6 31. Kc2 Rg7 32. Re4 b5 33. b4 Rxh5
34. bxa5 Bxg4 35. Rd4 d5 36. Bf8 Rg8 37. Be7 Rh2+ 38. Kb3 Re8 39. Bg5 Re4 40.
Rxe4 dxe4 41. Bf4+ Kc6 42. Bxh2 Bd1+ 43. Kb4 e3 44. Bg3 e2 45. a6 Kb6 46. a7
Kxa7 47. Kxb5 Bc2 48. Kb4 Kb6 49. c4 Be4 50. c5+ Ka6 51. Kc4 Ka5 1/2-1/2

[Event "Skakthing Reykjavikur"]
[Site "Reykjavik"]
[Date "2017.02.03"]
[Round "9"]
[White "Kristofersson, Sindri Snaer"]
[Black "Karlsson, Isak Orri"]
[Result "1-0"]
[WhiteElo "1207"]
[BlackElo "1200"]
[PlyCount "169"]
[EventDate "2017.01.08"]
[EventType "swiss"]
[EventRounds "9"]
[EventCountry "ISL"]

1. d4 Nf6 2. c4 g6 3. Nc3 Bg7 4. Nf3 O-O 5. Bf4 d6 6. e3 Bg4 7. Be2 Nbd7 8. h3
Bxf3 9. Bxf3 e5 10. Bg3 Re8 11. O-O e4 12. Be2 Nb6 13. Qc2 Nc8 14. Bh4 Qe7 15.
Nd5 Qd8 16. f3 c6 17. Nxf6+ Bxf6 18. Bxf6 Qxf6 19. fxe4 Qe6 20. Bf3 Ne7 21. Qd3
d5 22. Bg4 Qxe4 23. Qxe4 dxe4 24. Rf4 f5 25. Be2 Nc8 26. g4 Rf8 27. gxf5 gxf5
28. Raf1 Ne7 29. c5 Rf6 30. Bc4+ Kh8 31. a4 b5 32. axb5 cxb5 33. Bb3 Rd8 34.
Rd1 Nd5 35. Bxd5 Rxd5 36. Ra1 a6 37. b4 Kg7 38. Kf2 Kf7 39. Rh4 Kg6 40. Rg1+
Kf7 41. Rxh7+ Kf8 42. Rh8+ Kf7 43. Rgg8 f4 44. Rf8+ Ke7 45. Re8+ Kd7 46. Rxe4
fxe3+ 47. Kxe3 Rdf5 48. Rh7+ Kc6 49. Ree7 Rf3+ 50. Ke2 Rf2+ 51. Ke3 R6f3+ 52.
Ke4 Rf4+ 53. Ke5 Rf5+ 54. Ke6 Rf6+ 55. Ke5 R2f5+ 56. Ke4 Rf4+ 57. Ke3 Rf3+ 58.
Ke2 Rf2+ 59. Ke1 Rf1+ 60. Kd2 R6f2+ 61. Re2 Rxe2+ 62. Kxe2 Rb1 63. Rh6+ Kb7 64.
d5 Rxb4 65. Rh7+ Kc8 66. h4 a5 67. Kd3 Rc4 68. c6 a4 69. h5 a3 70. Re7 a2 71.
Re1 Ra4 72. Ra1 Kc7 73. h6 Kd6 74. h7 Ra8 75. Kd4 Ra4+ 76. Kc3 Rh4 77. Rxa2
Rxh7 78. Rd2 Kc5 79. Kb3 Rh3+ 80. Kb2 Kd6 81. Kc2 Rh4 82. Rd3 Rc4+ 83. Kb3 Rc1
84. Rc3 Rb1+ 85. Kc2 1-0

[Event "Skakthing Reykjavikur"]
[Site "Reykjavik"]
[Date "2017.02.03"]
[Round "9"]
[White "Thrastarson, Tryggvi K"]
[Black "Thorisson, Bjartur"]
[Result "1-0"]
[WhiteElo "1353"]
[BlackElo "1010"]
[PlyCount "111"]
[EventDate "2017.01.08"]
[EventType "swiss"]
[EventRounds "9"]
[EventCountry "ISL"]

1. c4 e5 2. Nc3 Nf6 3. Qc2 d5 4. cxd5 Nxd5 5. Qe4 c6 6. Qxe5+ Be6 7. Nxd5 cxd5
8. e3 Nd7 9. Qh5 g6 10. Qd1 Bg7 11. d4 O-O 12. Nf3 Rc8 13. Bd2 Bf5 14. Bc3 Nf6
15. Bd3 Bxd3 16. Qxd3 Qc7 17. O-O Ne4 18. Rac1 Qc4 19. Qxc4 Rxc4 20. Nd2 Nxd2
21. Bxd2 Rfc8 22. Rxc4 Rxc4 23. Rc1 Rxc1+ 24. Bxc1 Kf8 25. a4 a6 26. Kf1 Ke7
27. Ke2 f5 28. Kd3 b5 29. axb5 axb5 30. Bd2 g5 31. f3 g4 32. fxg4 fxg4 33. h3
gxh3 34. gxh3 h5 35. e4 Ke6 36. exd5+ Kxd5 37. Bc3 Bh8 38. Kc2 Bxd4 39. Bxd4
Kxd4 40. Kb3 Kc5 41. h4 Kb6 42. Kb4 Kc6 43. Ka5 Kc5 44. b4+ Kc6 45. Ka6 Kc7 46.
Kxb5 Kb7 47. Kc5 Kc7 48. Kd5 Kb6 49. Ke5 Kb5 50. Kf5 Kxb4 51. Kg5 Kc5 52. Kxh5
Kd6 53. Kg6 Ke7 54. Kg7 Ke6 55. h5 Kf5 56. h6 1-0